000 00492nam a2200145 a 4500
008 120416s1960 ||||||||||||||||| || u
050 _aGB 56 Str
100 _aStrahler, Arthur Newell
245 1 0 _aPhysical geography
250 _a3rd ed.
260 _aNew York
_bJohn Wiley and Sons
_c1960
300 _aix, 733p. : ill.
350 _a0.00
995 _D0.00
_FCBU-MAIN LIBRARY (Kitwe)
_H1
_I550.00
_M1
_UDAMAGED
_ZMain Library Open Access Collection
999 _c53559
_d53559